| 000 | 01044nam a2200205 u 4500 | ||
|---|---|---|---|
| 001 | 000253392 | ||
| 003 | AM-YeHGA | ||
| 005 | 20250618071712.0 | ||
| 008 | 030811s1989 ai r 000 0 arm d | ||
| 040 | _aAM-YeHGA | ||
| 100 | 1 |
_aԵնգիբարյան, Ազատ Ադիբեկի, _d1942- _99527 |
|
| 245 | 1 | 0 |
_aՏրոպիկական պարազիտոլոգիայի կենսաբանական հիմունքների համառոտ ձեռնարկ : _b(Սփյուռքահայ ուսանողների համար) / _cԱ.Ա. Ենգիբարյան; Մասնագիտ. խմբ.՝ Ս.Հ. Սիսակյան; ՀԽՍՀ առողջապահության մին-թյուն. ԵՊԲԻ. |
| 260 |
_aԵրևան :, _c1989. |
||
| 300 |
_a70 էջ : _b[12] թ. նկ. |
||
| 504 | _aՄատենագիտ. էջ՝ 68 | ||
| 650 | 1 | 4 |
_aՊարազիտային հիվանդություններ _xԿենսաբանական հիմունքներ |
| 700 | 1 |
_aՍիսակյան, Ս.Հ. _eխմբ. _4edt |
|
| 710 | 2 | _aԵրևանի պետական բժշկական ինստիտուտ | |
| 090 | _c92315 | ||
| 999 |
_c91020 _d91020 |
||